000 00468nam a22001457a 4500
020 _qHB.
040 _cFIZZA ISHAQ
082 _a909
_bWIL
100 _a Williams , Henry Smith.
_9134324
245 _aThe historians' history of the world in twenty-five volumes, volume XV -GERMANIC EMPIRES (Concluded) /
_c Henry Smith Williams.
250 _a volume XV.
260 _aNew York:
_bThe Outlook,
_c1904.
300 _axii ; 662 P. ; ill . ;
_c27 cm
942 _2ddc
_cBK
999 _c617307
_d617307